<?xml version="1.0" encoding="UTF-8"?><marc:collection xmlns:marc="http://www.loc.gov/MARC21/slim">
  <marc:record>
    <marc:leader>02252nam#a2200649#ib4500</marc:leader>
    <marc:controlfield tag="001">almahu_BV009137978</marc:controlfield>
    <marc:controlfield tag="005">20240828150858.0</marc:controlfield>
    <marc:controlfield tag="007">tu</marc:controlfield>
    <marc:controlfield tag="008">940305|1986####xx######r#####|||#|#ger#u</marc:controlfield>
    <marc:controlfield tag="003">DE-602</marc:controlfield>
    <marc:datafield tag="016" ind1="7" ind2=" ">
      <marc:subfield code="a">75015346</marc:subfield>
      <marc:subfield code="2">OCoLC</marc:subfield>
    </marc:datafield>
    <marc:datafield tag="016" ind1="7" ind2=" ">
      <marc:subfield code="a">890387540</marc:subfield>
      <marc:subfield code="2">DE-101b</marc:subfield>
    </marc:datafield>
    <marc:datafield tag="035" ind1=" " ind2=" ">
      <marc:subfield code="a">BV009137978</marc:subfield>
    </marc:datafield>
    <marc:datafield tag="035" ind1=" " ind2=" ">
      <marc:subfield code="a">(DE-599)BVBBV009137978</marc:subfield>
    </marc:datafield>
    <marc:datafield tag="035" ind1=" " ind2=" ">
      <marc:subfield code="a">(DE-604)BV009137978</marc:subfield>
    </marc:datafield>
    <marc:datafield tag="040" ind1=" " ind2=" ">
      <marc:subfield code="c">DE-604</marc:subfield>
      <marc:subfield code="e">rakddb</marc:subfield>
      <marc:subfield code="a">29------</marc:subfield>
    </marc:datafield>
    <marc:datafield tag="041" ind1=" " ind2="7">
      <marc:subfield code="a">ger</marc:subfield>
      <marc:subfield code="2">ISO 639-2</marc:subfield>
    </marc:datafield>
    <marc:datafield tag="044" ind1=" " ind2=" ">
      <marc:subfield code="c">XA-DE-BE</marc:subfield>
    </marc:datafield>
    <marc:datafield tag="084" ind1=" " ind2=" ">
      <marc:subfield code="a">14</marc:subfield>
      <marc:subfield code="2">sdnb</marc:subfield>
    </marc:datafield>
    <marc:datafield tag="084" ind1=" " ind2=" ">
      <marc:subfield code="a">32</marc:subfield>
      <marc:subfield code="2">sdnb</marc:subfield>
    </marc:datafield>
    <marc:datafield tag="084" ind1=" " ind2=" ">
      <marc:subfield code="a">33</marc:subfield>
      <marc:subfield code="2">sdnb</marc:subfield>
    </marc:datafield>
    <marc:datafield tag="084" ind1=" " ind2=" ">
      <marc:subfield code="a">MS 6000</marc:subfield>
      <marc:subfield code="0">(DE-625)123738:</marc:subfield>
      <marc:subfield code="2">rvk</marc:subfield>
    </marc:datafield>
    <marc:datafield tag="100" ind1="1" ind2=" ">
      <marc:subfield code="a">Maschewsky, Werner</marc:subfield>
    </marc:datafield>
    <marc:datafield tag="245" ind1="1" ind2="0">
      <marc:subfield code="a">Krankheit - biologisches oder soziales Geschehen?</marc:subfield>
    </marc:datafield>
    <marc:datafield tag="264" ind1=" " ind2="1">
      <marc:subfield code="a">Berlin,</marc:subfield>
      <marc:subfield code="c">1986.</marc:subfield>
    </marc:datafield>
    <marc:datafield tag="300" ind1=" " ind2=" ">
      <marc:subfield code="a">38 S.</marc:subfield>
    </marc:datafield>
    <marc:datafield tag="336" ind1=" " ind2=" ">
      <marc:subfield code="b">txt</marc:subfield>
      <marc:subfield code="2">rdacontent</marc:subfield>
    </marc:datafield>
    <marc:datafield tag="337" ind1=" " ind2=" ">
      <marc:subfield code="b">n</marc:subfield>
      <marc:subfield code="2">rdamedia</marc:subfield>
    </marc:datafield>
    <marc:datafield tag="338" ind1=" " ind2=" ">
      <marc:subfield code="b">nc</marc:subfield>
      <marc:subfield code="2">rdacarrier</marc:subfield>
    </marc:datafield>
    <marc:datafield tag="490" ind1="1" ind2=" ">
      <marc:subfield code="a">Internationales Institut für Vergleichende Gesellschaftsforschung &lt;Berlin, West&gt;: IIVG papers / Discussion papers</marc:subfield>
      <marc:subfield code="v">86,213</marc:subfield>
    </marc:datafield>
    <marc:datafield tag="810" ind1="2" ind2=" ">
      <marc:subfield code="a">Internationales Institut für Vergleichende Gesellschaftsforschung &lt;Berlin, West&gt;: IIVG papers / Discussion papers</marc:subfield>
      <marc:subfield code="w">BV023552758</marc:subfield>
      <marc:subfield code="v">86,213</marc:subfield>
      <marc:subfield code="9">86,213</marc:subfield>
    </marc:datafield>
    <marc:datafield tag="942" ind1=" " ind2=" ">
      <marc:subfield code="a">4</marc:subfield>
    </marc:datafield>
    <marc:datafield tag="991" ind1=" " ind2=" ">
      <marc:subfield code="a">10</marc:subfield>
    </marc:datafield>
    <marc:datafield tag="994" ind1=" " ind2=" ">
      <marc:subfield code="a">OAI-SKA-KOBV</marc:subfield>
      <marc:subfield code="2">SKA-EVIFA</marc:subfield>
    </marc:datafield>
    <marc:datafield tag="992" ind1=" " ind2=" ">
      <marc:subfield code="w">BV023552758</marc:subfield>
    </marc:datafield>
    <marc:datafield tag="969" ind1=" " ind2=" ">
      <marc:subfield code="a">BV009137978</marc:subfield>
      <marc:subfield code="9">990003268870302882</marc:subfield>
    </marc:datafield>
    <marc:datafield tag="968" ind1=" " ind2=" ">
      <marc:subfield code="a">MS 6000</marc:subfield>
    </marc:datafield>
    <marc:datafield tag="950" ind1=" " ind2=" ">
      <marc:subfield code="s">false</marc:subfield>
    </marc:datafield>
    <marc:datafield tag="852" ind1="7" ind2=" ">
      <marc:subfield code="b">ZB011</marc:subfield>
      <marc:subfield code="c">2029</marc:subfield>
      <marc:subfield code="h">87 B 2132</marc:subfield>
      <marc:subfield code="2">zde11nc</marc:subfield>
      <marc:subfield code="8">22509431510002882</marc:subfield>
    </marc:datafield>
    <marc:datafield tag="AVA" ind1=" " ind2=" ">
      <marc:subfield code="8">23509431500002882</marc:subfield>
      <marc:subfield code="e">1</marc:subfield>
      <marc:subfield code="r">32</marc:subfield>
      <marc:subfield code="c">2029</marc:subfield>
      <marc:subfield code="d">87 B 2132</marc:subfield>
      <marc:subfield code="s">00001100310156</marc:subfield>
      <marc:subfield code="b">ZB011</marc:subfield>
    </marc:datafield>
    <marc:datafield tag="969" ind1=" " ind2=" ">
      <marc:subfield code="c">BV023552758</marc:subfield>
      <marc:subfield code="8">9949761731602882</marc:subfield>
    </marc:datafield>
    <marc:datafield tag="TYP" ind1=" " ind2=" ">
      <marc:subfield code="8">9949761731602882</marc:subfield>
      <marc:subfield code="a">Contains</marc:subfield>
    </marc:datafield>
    <marc:datafield tag="999" ind1=" " ind2=" ">
      <marc:subfield code="a">oai:alma.49KOBV_HUB:990003268870302882</marc:subfield>
    </marc:datafield>
    <marc:datafield tag="049" ind1=" " ind2=" ">
      <marc:subfield code="a">DE-11;BV009137978</marc:subfield>
    </marc:datafield>
    <marc:datafield tag="049" ind1=" " ind2=" ">
      <marc:subfield code="a">DE-N2;BV009137978</marc:subfield>
      <marc:subfield code="a">DE-521;BV009137978</marc:subfield>
    </marc:datafield>
    <marc:datafield tag="049" ind1=" " ind2=" ">
      <marc:subfield code="a">DE-83;BV009137978</marc:subfield>
    </marc:datafield>
    <marc:datafield tag="655" ind1=" " ind2="7">
      <marc:subfield code="a">Forschungsbericht</marc:subfield>
      <marc:subfield code="0">(DE-588)4155043-2</marc:subfield>
      <marc:subfield code="0">(DE-627)10467444X</marc:subfield>
      <marc:subfield code="0">(DE-576)209815833</marc:subfield>
      <marc:subfield code="2">gnd-content</marc:subfield>
    </marc:datafield>
    <marc:datafield tag="969" ind1=" " ind2=" ">
      <marc:subfield code="a">BV009137978</marc:subfield>
      <marc:subfield code="9">990018307040302884</marc:subfield>
    </marc:datafield>
    <marc:datafield tag="969" ind1=" " ind2=" ">
      <marc:subfield code="c">BV023552758</marc:subfield>
      <marc:subfield code="8">9923100902102884</marc:subfield>
    </marc:datafield>
    <marc:datafield tag="092" ind1=" " ind2=" ">
      <marc:subfield code="x">almatuudk_BV009137978</marc:subfield>
    </marc:datafield>
    <marc:datafield tag="092" ind1=" " ind2=" ">
      <marc:subfield code="x">b3kat_BV009137978</marc:subfield>
    </marc:datafield>
    <marc:datafield tag="092" ind1=" " ind2=" ">
      <marc:subfield code="x">gbv_1083077287</marc:subfield>
    </marc:datafield>
    <marc:datafield tag="049" ind1=" " ind2=" ">
      <marc:subfield code="a">DE-B4;1083077287</marc:subfield>
    </marc:datafield>
    <marc:datafield tag="924" ind1=" " ind2=" ">
      <marc:subfield code="a">1083077287</marc:subfield>
      <marc:subfield code="b">DE-B4</marc:subfield>
      <marc:subfield code="c">KOBV</marc:subfield>
      <marc:subfield code="d">c</marc:subfield>
      <marc:subfield code="c">KOBV</marc:subfield>
    </marc:datafield>
    <marc:datafield tag="924" ind1=" " ind2=" ">
      <marc:subfield code="a">BV009137978</marc:subfield>
      <marc:subfield code="b">DE-521</marc:subfield>
      <marc:subfield code="c">KOBV</marc:subfield>
      <marc:subfield code="d">c</marc:subfield>
      <marc:subfield code="c">KOBV</marc:subfield>
    </marc:datafield>
    <marc:datafield tag="924" ind1=" " ind2=" ">
      <marc:subfield code="a">BV009137978</marc:subfield>
      <marc:subfield code="b">DE-11</marc:subfield>
      <marc:subfield code="c">KOBV</marc:subfield>
      <marc:subfield code="d">c</marc:subfield>
      <marc:subfield code="c">KOBV</marc:subfield>
    </marc:datafield>
    <marc:datafield tag="924" ind1=" " ind2=" ">
      <marc:subfield code="a">BV009137978</marc:subfield>
      <marc:subfield code="b">DE-83</marc:subfield>
      <marc:subfield code="c">KOBV</marc:subfield>
      <marc:subfield code="d">c</marc:subfield>
      <marc:subfield code="c">KOBV</marc:subfield>
    </marc:datafield>
  </marc:record>
</marc:collection>
